00988nam a2200241 a 450000100060000000300080000600500170001400800410003103500140007204000270008604100080011308200280012110000240014924500870017326000480026030000270030850400320033565000420036794200120040999900170042195201590043895201490059753867BD-RjUL20211209080032.0170122s1979 bg b 000 0 eng  a(BD-RjUL) aDLCcDLCdBD-RjULbeng aeng00a352.05492bAHA 19792230 aAhmed, Ali 916090110aAdministration of local-self government for rural areas in Bangladesh /cAli Ahmed aDacca :bLocal Government Institute,c1979. aviii, 237 p. ;c23 cm. aBibliography: p. [234]-237. 0aLocal governmentzBangladesh.9117443 2ddccBK c53867d53867 00102ddc40708NFICaRUCLbRUCLcStackd1980-02-08eNeamat Book shopg20.00l2o352.05492 AHA 1979r2024-02-01 00:00:00s2024-01-16tC-2w2016-10-27yBK 00102ddc40718NFICaRUCLbRUCLcReadingd1980-02-08eNeamat Book shopg20.00l0o352.05492 AHA 1979r2017-01-22 00:00:00tC-1w2017-01-22yBK